Final MBBS buster: surgery and orthopedics ,Volume 2 (Record no. 31446)

MARC details
000 -LEADER
fixed length control field 00751nam a2200169 a 4500
008 - FIXED-LENGTH DATA ELEMENTS--GENERAL INFORMATION
fixed length control field 151015s2006 ||||||||||||||||| || u
020 ## - INTERNATIONAL STANDARD BOOK NUMBER
International Standard Book Number 9788180617270
050 ## - LIBRARY OF CONGRESS CALL NUMBER
Classification number RD 731 Fin
100 ## - MAIN ENTRY--PERSONAL NAME
Personal name Pramanik, Raja
245 10 - TITLE STATEMENT
Title Final MBBS buster: surgery and orthopedics ,Volume 2
Statement of responsibility, etc. Edited by Raja Pramanik, Vikas [and] Parvind Kumar Singh
260 ## - PUBLICATION, DISTRIBUTION, ETC.
Place of publication, distribution, etc. New Delhi
Name of publisher, distributor, etc. Jaypee Brothers Medical publishers
Date of publication, distribution, etc. 2006
300 ## - PHYSICAL DESCRIPTION
Extent xii, 347p.: ill.
350 ## -
-- 118.36
650 ## - SUBJECT ADDED ENTRY--TOPICAL TERM
Topical term or geographic name entry element SURGERY -- EXAMINATIONS, QUESTIONS, ETC
650 ## - SUBJECT ADDED ENTRY--TOPICAL TERM
Topical term or geographic name entry element ORTHOPEDICS -- EXAMINATIONS, QUESTIONS, ETC
995 ## -
-- MEDICAL LIBRARY OPEN ACCESS
-- 903302
-- CBU-SCHOOL OF MEDICINE LIBRARY (Ndola)
-- 118.36
-- RD 731 Fin
-- 1
-- AVAILABLE
-- Jan 27, 2016
-- 903302
-- Medical Library Open Access Collection
999 ## -
-- 31446
-- 31446
Holdings
Withdrawn status Lost status Source of classification or shelving scheme Damaged status Not for loan Permanent Location Current Location Shelving location Date acquired Total Checkouts Full call number Barcode Date last seen Price effective from Koha item type
          CBU-SCHOOL OF MEDICINE LIBRARY, NDOLA. CBU-SCHOOL OF MEDICINE LIBRARY, NDOLA.   11/30/2022   RD 731 Fin 903302 11/30/2022 11/30/2022 MONOGRAPH